Beliefs | 7 | 11.43 | 86% | 29% | 0% |
Fine Arts - Classical Music and Opera | 5 | 14.00 | 100% | 40% | 0% |
Fine Arts - Other Fine Arts | 6 | 16.67 | 100% | 67% | 0% |
Fine Arts - Visual Fine Arts | 5 | 16.00 | 80% | 40% | 40% |
Geography | 2 | 20.00 | 100% | 50% | 50% |
History - European History | 3 | 10.00 | 100% | 0% | 0% |
History - Other History | 1 | 10.00 | 100% | 0% | 0% |
History - US History | 7 | 17.14 | 100% | 57% | 14% |
History - World History | 6 | 13.33 | 100% | 33% | 0% |
Literature - American Literature | 2 | 10.00 | 100% | 0% | 0% |
Literature - British Literature | 5 | 14.00 | 100% | 40% | 0% |
Literature - European Literature | 4 | 7.50 | 50% | 25% | 0% |
Literature - World Literature | 6 | 13.33 | 100% | 33% | 0% |
Modern World | 2 | 15.00 | 50% | 100% | 0% |
Other Academic | 1 | 10.00 | 100% | 0% | 0% |
Philosophy | 7 | 11.43 | 86% | 29% | 0% |
Science - Biology | 4 | 7.50 | 75% | 0% | 0% |
Science - Chemistry | 2 | 10.00 | 100% | 0% | 0% |
Science - Other Science | 7 | 12.86 | 86% | 43% | 0% |
Science - Physics | 3 | 13.33 | 100% | 33% | 0% |
Social Science | 3 | 13.33 | 67% | 67% | 0% |